LIBRARY & INFORMATION CENTRE, KCAET, TAVANUR

ONLINE PUBLIC ACCESS CATALOGUE (OPAC)

Pride and Prejudice / (Record no. 884)

MARC details
000 -LEADER
fixed length control field 00496cam a2200205ua 4500
041 ## - LANGUAGE CODE
Language code of text/sound track or separate title eng
082 ## - DEWEY DECIMAL CLASSIFICATION NUMBER
Classification number 823.308
Item number AUS/PR
100 ## - MAIN ENTRY--AUTHOR NAME
Personal name Austen, Jane .
245 ## - TITLE STATEMENT
Title Pride and Prejudice /
250 ## - EDITION STATEMENT
Edition statement /
260 ## - PUBLICATION, DISTRIBUTION, ETC. (IMPRINT)
Place of publication Bombay :
Name of publisher K.and.J Cooper Educational Publishers ,
Year of publication 1960.
300 ## - PHYSICAL DESCRIPTION
Number of Pages 353 ; .
942 ## - ADDED ENTRY ELEMENTS (KOHA)
Koha item type Books
Holdings
Withdrawn status Lost status Damaged status Home library Current library Date acquired Full call number Accession Number Koha item type
Withdrawn     KAUAET KAUAET 07/04/2012 823.308 11147 Books
Withdrawn     KAUAET KAUAET 07/04/2012 823.308 10156 Books
Withdrawn     KAUAET Sanskrit University 07/04/2012 823.308 4239 Books
free website counter